| 000 | 00356nam a2200145Ia 4500 | ||
|---|---|---|---|
| 008 | 240624s9999 xx 000 0 und d | ||
| 041 | _aeng | ||
| 082 | _a657.45 GAR | ||
| 100 | _aGARG PANKAJ | ||
| 245 | _aADVANCED AUDITING PROFESSIONAL ETHICS | ||
| 250 | _a(11th ed.) | ||
| 260 |
_c2018 _aNew Delhi _bTaxmann |
||
| 300 | _a730 p.; 28 cm. | ||
| 365 | _cRS | ||
| 999 |
_c31418 _d31418 |
||